[Event "58. BEM 2004"]
[Site "Dortmund"]
[Date "2004.03.18"]
[Round "8.17"]
[White "Milonas, Georgios"]
[Black "Hellwig, Thomas"]
[Result "0-1"]
[WhiteElo "1346"]
[BlackElo "1806"]
[Annotator "Fritz 7 (15s)"]
[PlyCount "94"]
[EventDate "2004.??.??"]
[Source "SG Dortmund"]
[SourceDate "2004.12.16"]

{D85: Exchange Gruenfeld: Unusual White 7th moves and lines with 7 Nf3
} 1. d4
Nf6 2. c4 g6 3. Nc3 d5 4. cxd5 Nxd5 5. Nf3 Bg7 6. e4 Nxc3 7. bxc3 c5 8. Bb5+
Bd7 9. Bxd7+ Qxd7 10. O-O O-O 11. Be3 cxd4 12. cxd4 Nc6 {
Mit der Idee Sb8-c6-e7-d5} 13. e5 $146 {Weiss will den Gegner einengen} (13.
Qa4 Rfd8 14. Rad1 b6 15. Rc1 Nxd4 16. Qxd7 Rxd7 17. Nxd4 Bxd4 18. Bxd4 Rxd4 19.
f3 Rd2 20. a4 Ra2 21. Ra1 Rb2 22. Rf2 Rxf2 23. Kxf2 Rc8 24. Ra2 e5 25. Ke3 Kf8
26. Kd3 Ke7 27. Rb2 Rc5 {Cherin,D-Vianello,E/Venice 1997/EXT 2000/0-1 (57)}) (
13. d5 Ne5 14. Nxe5 Bxe5 15. Rc1 Rfc8 16. Qb3 b5 17. f4 Bg7 18. e5 a5 19. Bc5
b4 20. Rfd1 Rc7 21. Be3 Rxc1 22. Rxc1 g5 23. e6 fxe6 24. dxe6 Qb5 25. Rc4 gxf4
26. Bxf4 Rd8 27. h3 Qf5 28. Kh2 Bc3 29. Bg3 Kh8 30. Rf4 Qg6 31. Rg4 Qf5 32. Rf4
Qg6 33. Rg4 Qf5 34. Rf4 Qg6 {
1/2-1/2 Kholmov,R-Timoscenko,G/Rostov 1976/EXT 2001 (34)}) (13. Qd2 Rfd8 14.
Rad1 b6 15. d5 Na5 16. Bd4 f6 17. Bc3 Nc4 18. Qd3 Rac8 19. Nd4 Ne5 20. Qd2 Qg4
21. f3 Qh5 22. Ne6 Bh6 23. Qe2 Re8 24. Bd2 Rc2 25. Qb5 Rec8 26. Rc1 Kf7 27.
Rxc2 Rxc2 28. Bxh6 Qxh6 29. f4 Ng4 30. Nd8+ Kf8 31. Ne6+ {
1/2-1/2 Hiemstra,S-Van Zutphen,J/Hengelo 1999/CBM 71 ext (31)}) (13. Rc1 e6 (
13... Rfd8 14. d5 Na5 15. Bd4 b5 16. Bxg7 Kxg7 17. Qd4+ Kg8 18. Rfd1 Rac8 19.
Ne5 Qd6 20. Rxc8 Rxc8 21. Qxa7 Qxe5 22. Qxa5 Qd4 23. Re1 Rc2 24. Rf1 Qxe4 25.
Qxb5 Rd2 26. a4 Rxd5 27. Qb8+ Kg7 28. Qb2+ {
Pittelkow,E-Reisch,S/Bayern 1995/EXT 99/0-1 (60)}) 14. Qd2 Rfc8 15. h3 b6 16.
Rfd1 Na5 17. Qe2 Qa4 18. Qa6 Qd7 19. e5 Bf8 20. Ng5 Qb7 21. Qd3 Be7 22. Ne4 Qd5
23. Bg5 Bxg5 24. Nxg5 f6 25. Ne4 Qxa2 26. Nxf6+ Kg7 27. Qf3 Qb3 {
Benedde,G-Meltser,V/Bayern 1997/EXT 2000/1-0 (38)}) 13... e6 14. Re1 Rac8 15.
Qd2 Ne7 16. Red1 Qa4 17. Rdc1 Nd5 {Ein gutes Feld fuer den Springer} 18. a3 {
Befestigt b4} 18... b5 19. Rc5 b4 20. Qb2 Rxc5 (20... Nxe3 $2 {
ist ein Schlag ins Wasser} 21. axb4 (21. fxe3 $6 Rxc5 22. dxc5 b3 $11) 21...
Nd1 22. Qc1 $18 (22. Rxa4 {bringt nichts} 22... Nxb2 23. Ra3 Rfd8 $19)) 21.
dxc5 a5 22. axb4 Qxb4 23. Qxb4 axb4 ({Schwaecher scheint} 23... Nxb4 24. Rxa5
Rc8 25. Kf1 $16) 24. Bd4 Rc8 25. Rc1 Bf8 {
Der isolierte Bauer c5 geraet unter Druck} 26. Ng5 (26. Rc4 Rc6 $11) 26... Bh6
(26... Nf4 $5 27. Kf1 Nd3 $17) 27. h4 $11 Bxg5 28. hxg5 Kf8 29. Kf1 Ke8 30. g3
Kd7 31. Ke2 Kc6 32. Ra1 Kb5 33. Ra7 (33. Kd3 $5 $11 {ist interessant}) 33...
Rc7 (33... Kc4 34. Be3 Nc3+ 35. Kf1 b3 $19) 34. Rxc7 $15 Nxc7 35. Kd3 Na6 36.
c6 Nc7 37. Be3 Kxc6 (37... Nd5 $17) 38. Bd2 (38. Kc4 $142 $5 $11 {
kam sehr in Betracht}) 38... Kd5 (38... Kb5 $142 $19) 39. f4 $2 (39. Bxb4 $142
Kxe5 40. Bd2 $17) 39... Na6 $19 40. Be1 (40. Kc2 Kc4 $19) 40... Nc5+ 41. Kc2
Kc4 {Schwarz bereitet b3 vor} 42. Bd2 b3+ 43. Kb2 Na4+ 44. Kb1 Kd3 45. Be1 Ke2
46. Bb4 Kf3 47. Be1 Nc5 (47... Nc5 48. Bb4 Nd3 $19) 0-1

[Event "58. BEM 2004"]
[Site "Dortmund"]
[Date "2004.03.18"]
[Round "8.19"]
[White "Krüger, Georg"]
[Black "Scholtyßek, Norbert"]
[Result "1-0"]
[WhiteElo "1753"]
[BlackElo "1608"]
[Annotator "Fritz 7 (15s)"]
[PlyCount "101"]
[EventDate "2004.??.??"]
[Source "SG Dortmund"]
[SourceDate "2004.12.16"]

{E11: Bogo-Indian
} 1. d4 Nf6 2. Nf3 e6 3. c4 Bb4+ 4. Nbd2 Qe7 5. a3 Bxd2+ 6.
Bxd2 a5 $146 (6... d6 7. Bg5 (7. Qc2 Nbd7 8. e4 e5 9. d5 Nc5 10. Bd3 a5 11. b3
O-O 12. O-O Bg4 13. Ne1 Nfd7 14. f3 Bh5 15. g4 Bg6 16. Ng2 a4 17. b4 Nb3 18.
Rab1 Nxd2 19. Qxd2 b6 20. Bc2 Ra7 21. Ne3 Qg5 {
Overbeck,T-Schuchardt,G/Willingen 2001/EXT 2002/1-0 (46)}) 7... Nbd7 (7... e5
8. dxe5 dxe5 9. Qc2 Nc6 10. e3 Bg4 11. Nd2 O-O-O 12. f3 Bh5 13. Ne4 Bg6 14. Bd3
h6 15. Bxf6 gxf6 16. O-O-O f5 17. Nc3 e4 18. fxe4 fxe4 19. Bxe4 Bxe4 20. Qxe4
Qxe4 21. Nxe4 Rde8 22. Nc3 {
Solozhenkin,E-Karner,H/Jyvaskyla 1992/EXT 2000/1-0 (51)}) 8. Qc2 h6 9. Bh4 a5
10. b3 O-O 11. e4 e5 12. d5 b6 13. Be2 Kh8 14. Nd2 Rg8 15. f3 Qe8 16. g4 g5 17.
Bf2 Kg7 18. h4 Qe7 19. Be3 Nh7 20. hxg5 hxg5 21. Kf2 Ndf8 22. Rh5 Ng6 23. Rah1
Rh8 24. Qc1 Bd7 25. R1h2 Nf4 26. Bxf4 Qf6 27. Be3 {
1-0 Mironov,I-Szotek,J/Karvina 2001/EXT 2002 (27)}) (6... Ne4 7. Be3 O-O 8. g3
d6 9. Bg2 Nd7 10. O-O f5 11. b4 Ndf6 12. Ne1 Ng4 13. Bc1 Qf7 14. f3 Nxh2 15.
Kxh2 Qh5+ 16. Bh3 Nxg3 17. Kxg3 f4+ 18. Kg2 Qg5+ 19. Bg4 h5 20. e3 hxg4 21.
fxg4 {Prakash,G-Rashmin,P/Jamshedpur 2000/EXT 2002/1-0 (32)}) 7. e3 b6 8. Be2
O-O 9. O-O Bb7 10. Qc2 d6 {Punkt e5} 11. Be1 Nbd7 12. Nd2 e5 13. d5 {
Weiss hat mehr Raum} 13... Nc5 14. e4 Qd7 (14... c6 15. Rd1 $11) 15. b3 {
Der Gegner darf nicht nach a4} 15... c6 16. dxc6 Bxc6 {Im Brennpunkt: e4} 17.
f3 {Befestigt g4} 17... Nh5 {Schwarz plant a4} 18. Rf2 (18. g3 $5 $11 {
muss beachtet werden}) 18... Nf4 $15 19. Bf1 Qe7 20. Nb1 a4 21. b4 Nb3 {
Schoenes Feld b3!} 22. Ra2 Rfc8 (22... f5 23. Nc3 $17) 23. Qd1 Qe6 (23... Qg5
$5 24. g3 Ne6 $15) 24. Nc3 Bb7 (24... Qg6 $142 $5 {ist erwaegenswert} 25. g3
Ra7 $14) 25. Nxa4 $1 $16 {bleibt am Druecker} 25... Rxa4 {
Motiv: Hinlenkung-> a4} 26. Qxb3 {Eliminiert eine wichtige Deckungsfigur: b3}
26... Rca8 27. Rfb2 Qe7 28. Bf2 Qc7 29. c5 d5 $2 (29... Bc8 $142 30. cxb6 Qe7
$18) 30. g3 Ng6 31. exd5 Bc8 (31... bxc5 {nuetzt auch nichts mehr} 32. bxc5 Bc8
33. Bb5 $18) 32. d6 (32. Bb5 $142 $5 {ist genauer} 32... R4a7 33. cxb6 Qb8 $18)
32... Qc6 33. b5 Qd7 34. Rd2 bxc5 35. Bxc5 Qb7 $2 (35... Nf8 $18) 36. Bc4 Nf8
37. d7 (37. Bd5 {laesst dem Gegner kaum Chancen} 37... Qb8 38. d7 Nxd7 39.
Bxf7+ Kh8 $18) 37... Nxd7 (37... Rxc4 38. Qxc4 (38. dxc8=N $6 {
waere weniger gut} 38... Rc1+ 39. Rd1 Rxd1+ 40. Qxd1 Rxc8 41. Bxf8 Rxf8 $16) (
38. dxc8=B $6 {ist minderwertig} 38... Rc1+ 39. Kg2 Rxc8 40. Bxf8 Rxf8 $16) (
38. dxc8=Q $6 {bringt nichts} 38... Rc1+ (38... Rxc8 $4 39. Qxc4 Ne6 40. Rd5
$18) 39. Kg2 Rxc8 40. Bxf8 Rxf8 $16) 38... Bxd7 39. Rab2 Qxf3 40. Bxf8 $18) 38.
Bd5 Qc7 39. Bxf7+ Kh8 40. Qd5 Bb7 41. Qxd7 Qxc5+ 42. Kg2 Bxf3+ {
Beseitigt den Bauernschutz.} 43. Kxf3 e4+ (43... R4a7 {
aendert den Lauf der Dinge nicht} 44. Qd8+ Qf8 45. Qxf8+ Rxf8 46. Ke4 Raxf7 47.
a4 $18) 44. Kg2 Rf8 45. Rac2 (45. Qd6 $142 {waere im Gewinnsinne praeziser}
45... Qc8 46. Rac2 Qb8 47. Qxb8 Rxb8 $18) 45... Qxa3 46. Bh5 Qa1 (46... Ra7 {
aendert nichts am Ausgang der Partie} 47. Qd6 $18) 47. Rf2 Raa8 48. b6 Rxf2+ (
48... Rfd8 {die letzte Gegenchance} 49. Qe7 e3 50. Qxe3 Rab8 $18) 49. Rxf2 e3 (
49... Rg8 {hilft allerdings auch nicht} 50. Bf7 Rf8 $18) 50. Rf1 (50. b7 $142 {
und Schwarz kann direkt aufgeben} 50... Rg8 51. Qc8 $18) 50... Ra2+ (50... Qb2+
{ist ein letzter Strohhalm} 51. Kh3 Qxb6 $18) 51. Kg1 (51. Kg1 Qxf1+ 52. Kxf1
Rf2+ 53. Ke1 h6 54. Qe8+ Rf8 55. Qxf8+ Kh7 56. Qe8 g5 57. Bg6+ Kg7 58. Qf7+ Kh8
59. Qf8#) 1-0

[Event "58. BEM 2004"]
[Site "Dortmund"]
[Date "2004.03.18"]
[Round "8.20"]
[White "Klein, Hans-Joachim"]
[Black "Rogner, Wolfgang"]
[Result "1/2-1/2"]
[WhiteElo "1637"]
[BlackElo "1558"]
[Annotator "Fritz 7 (15s)"]
[PlyCount "116"]
[EventDate "2004.??.??"]
[Source "SG Dortmund"]
[SourceDate "2004.12.16"]

{B01: Scandinavian Defence
} 1. e4 d5 2. e5 Nh6 $146 (2... d4 3. Bc4 (3. c3 f6
4. Qf3 Kf7 5. Qxb7 Qd5 6. Kd1 Qxg2 7. Kc2 Qxf1 8. Qxc8 Qxg1 9. Qxb8 Rxb8 10.
Rxg1 Rb3 11. Rg6 Ra3 12. Rh6 gxh6 13. bxa3 Kg7 14. Kb2 d3 15. e6 a5 16. h4 a4
17. h5 c5 18. f4 c4 19. f5 {
1/2-1/2 Sprotte,N-Albrecht,R/Berlin West 1987/EXT 97 (19)}) (3. d3 Nc6 4. Nf3
e6 5. c3 g6 6. cxd4 Nxd4 7. Be3 Nf5 8. Qd2 Nge7 9. d4 b6 10. g3 Bb7 11. Be2 Bg7
12. O-O O-O 13. Nc3 Qd7 14. Rad1 Rad8 15. Qd3 c5 16. Rd2 Nxd4 17. Bxd4 cxd4 18.
Qxd4 Qxd4 19. Nxd4 Bxe5 20. Rfd1 Bg7 21. Ndb5 Rxd2 22. Rxd2 a6 23. Rd7 Bc6 24.
Rxe7 axb5 25. Rc7 Ba8 26. b3 Be5 27. Rc8 {
1/2-1/2 Tazhieva,H-Barbascu,M/Herculane 1994/TD (27)}) (3. f4 e6 4. Nf3 Ne7 5.
d3 Nf5 6. Qe2 Be7 7. a3 c5 8. g3 Nc6 9. Bg2 Qc7 10. O-O b5 11. c3 Rb8 12. g4
Nh6 13. h3 Na5 14. Nbd2 dxc3 15. bxc3 Ba6 16. Rb1 Rd8 17. Ne4 c4 {
Huber,A-Groh,E/Donaueschingen 1985/GER/1-0 (46)}) 3... a6 4. d3 e6 5. Nf3 c5 6.
Nbd2 Nc6 7. a3 Nge7 8. Ne4 Ng6 9. Bg5 Qc7 10. O-O h6 11. Bh4 Nxh4 12. Nxh4 Nxe5
13. Ba2 g5 14. Nf3 Be7 15. Qe2 Ng6 16. Nfd2 b5 17. g3 {
Wiegelmann,T-Mayet,C/Berlin 1856/EXT 2002/0-1 (55)}) 3. d4 g6 4. Bd3 Nc6 5. c3
{Deckt b4+d4} 5... Bf5 6. h3 {Verwehrt dem Gegner g4} 6... Bxd3 7. Qxd3 Qd7 8.
g4 (8. Nf3 Nf5 $14) 8... O-O-O 9. Nf3 f6 10. exf6 exf6 11. Be3 Re8 12. Na3 (12.
Kd2 g5 $15) 12... a6 (12... Bxa3 13. bxa3 Nf7 14. Nd2 $17) 13. O-O $2 (13. Nc2
$142 $15 {ist noch spielbar}) 13... Nxg4 $1 $19 {ist die huebsche Pointe} 14.
Bf4 (14. hxg4 Qxg4+ {Kombination mit Doppelangriff}) 14... Nh6 15. Nd2 (15.
Bxh6 Bxh6 16. Nh2 Nd8 $19) 15... Nf5 (15... g5 $5 16. Bh2 $19) 16. b4 Na7 17.
Nc2 h5 18. a4 b6 $4 {danach wendet sich das Blatt} (18... g5 $142 19. Bh2 g4
$17) 19. Qxa6+ $18 Kb8 20. Qxb6+ Ka8 21. Qxc7 (21. Qxf6 $142 {
mit klarem Vorteil fuer Weiss} 21... Be7 22. Qa6 $18) 21... Qxc7 $14 22. Bxc7
Rc8 23. Bf4 Rxc3 24. Rac1 (24. Ne3 Nxe3 25. fxe3 Rc2 $11) 24... g5 (24... Rxc2
$142 $5 25. Rxc2 Nxd4 $17) 25. Be3 $11 Bd6 26. Nb1 Rc4 {Faellt d4?} 27. Nba3
Rc3 28. Nb1 Rc4 29. b5 {Weiss will den Gegner einengen} (29. Bd2 $142 $11 {
damit waere Weiss im Spiel geblieben}) 29... Rhc8 $17 30. Nca3 Rxc1 (30... Rxa4
31. b6 Bxa3 (31... Rxa3 $143 32. Nxa3 Rxc1 33. Bxc1 $14) (31... Nxe3 $6 32.
bxa7 Rxc1 33. Rxc1 Bxa3 34. Nxa3 $17) 32. Nxa3 Rxa3 33. bxa7 Rxc1 (33... Nxe3 {
waere ein grobes Versehen} 34. Rxc8+ Kb7 35. a8=R (35. fxe3 $6 {
ist naheliegend und schlecht} 35... Kxc8 36. Rxf6 Rxa7 $16) 35... Rxa8 36. Rxa8
(36. fxe3 $6 {ist sichtlich schlechter} 36... Rxc8 37. Rxf6 Rc3 $11) 36... Nxf1
37. Ra2 $18) 34. Rxc1 Nxe3 (34... Kxa7 $6 35. Rc5 $17) 35. fxe3 Rxe3 $19 (35...
Kxa7 $6 36. Rc5 $17) (35... Rxa7 $6 36. Rf1 $11)) 31. Rxc1 $14 ({Nachteilig ist
} 31. Bxc1 Nxd4 32. Kg2 Nb3 $11) 31... Rxc1+ 32. Bxc1 Nxd4 33. Bb2 Be5 34. Bxd4
Bxd4 35. Nc2 Be5 36. Nb4 d4 37. Nd2 Kb7 38. Nc4 Bf4 39. Kf1 h4 40. f3 Nc8 41.
a5 Nd6 (41... Ka8 42. Ke2 $18) 42. a6+ Ka8 43. Nxd6 Bxd6 44. Nc6 (44. Nd5 $5
Ka7 45. Nxf6 d3 $18) 44... Bc5 45. Ke2 f5 46. Ne5 Bd6 (46... Bb6 $142 $18) 47.
Nd7 $4 {danach kann Weiss alle Traeume begraben} (47. Nf7 $142 Be7 48. Nh6 $18)
47... Ka7 $11 48. Nf6 Be7 49. Nd5 Bd8 $2 (49... Bc5 $142 $11) 50. Kd3 $4 {
wirft den Vorteil weg} (50. Nb4 $142 Kb6 51. Kf1 $18) 50... g4 $1 $19 {
war die Absicht} 51. Nf4 $4 {schlecht aber verstaendlich} (51. hxg4 h3) 51...
Bc7 (51... Bg5 52. fxg4 fxg4 53. Ne6 gxh3 54. Nxg5 $19) 52. fxg4 fxg4 53. Ne6 (
53. b6+ {aendert nichts mehr} 53... Kxb6 54. Nd5+ Ka7 55. Ke4 gxh3 56. Kf3 $19)
53... Bb8 (53... gxh3 $142 {und Schwarz ist direkt am Ziel} 54. Nxc7 h2 55. b6+
Kxb6 56. Nd5+ Kxa6 $19) 54. Ng5 $2 (54. Nxd4 gxh3 55. Nf3 h2 56. Nxh2 Bxh2 $11)
54... gxh3 $4 {vergibt den Vorteil} (54... Bf4 $142 {
Schwarz haette nun das bessere Spiel} 55. Ne4 g3 $19 (55... gxh3 $6 {
ist wenig wert} 56. Nf2 $15)) 55. Nxh3 $11 (55. Kxd4 $4 {
der kann natuerlich nicht genommen werden} 55... h2 56. Nf3 h1=Q 57. b6+ Kxb6
$19) 55... Kb6 56. Kxd4 Kxb5 57. Ke4 Kxa6 58. Kf3 Kb5 1/2-1/2

[Event "58. BEM 2004"]
[Site "Dortmund"]
[Date "2004.03.18"]
[Round "8.22"]
[White "Ezzat, Tarik"]
[Black "Gerke, Dieter"]
[Result "1-0"]
[WhiteElo "1606"]
[BlackElo "1484"]
[Annotator "Fritz 7 (15s)"]
[PlyCount "69"]
[EventDate "2004.??.??"]
[Source "SG Dortmund"]
[SourceDate "2004.12.16"]

{B23: Closed Sicilian: Lines without g3
} 1. Nc3 c5 2. e4 Nc6 3. f4 d6 4. Nf3
g6 5. Bc4 e6 6. O-O Bg7 7. Ne2 Qc7 8. c3 Nge7 9. d3 O-O 10. Ng3 $146 (10. Bb3
b5 11. a4 b4 12. Be3 Ba6 13. Rc1 Na5 14. Ba2 b3 15. Bb1 Qc6 16. d4 Nc4 17. Bf2
Nxb2 18. Qxb3 Bxe2 19. Qxb2 Bxf1 20. Rxf1 Rab8 21. Qa3 Rfc8 22. e5 Nd5 23. Be4
c4 24. exd6 Rd8 {Wrobel,H-Palmer,T/Badenweiler 1995/EXT 98/0-1 (39)}) 10... d5
11. Bb3 Re8 12. Nh4 Qb6 13. Be3 d4 14. cxd4 Nxd4 15. Bxd4 Bxd4+ {
Der Laeufer hat sein Ziel erreicht} 16. Kh1 Qd8 17. Qe2 Nc6 (17... Nd5 $5 18.
Nf3 Nxf4 $15) 18. Nf3 $11 {Ermoeglicht auch e5} 18... b6 19. e5 {
Weiss erobert Raum} 19... Bb7 20. Ne4 Kg7 (20... Re7 21. Ba4 Nb4 22. Nf6+ Kg7
23. a3 $14) 21. Nf6 (21. Nd6 $5 Qc7 22. Nxe8+ Rxe8 23. Ba4 $16) 21... Re7 22.
Nh4 Rc7 23. Rf3 Qe7 24. Rh3 Rh8 25. Qg4 Kf8 26. Nf3 Kg7 27. Ng5 {h7 ist bedroht
} 27... h6 28. Nge4 Nxe5 (28... Bxb2 $5 {ist interessant} 29. Rb1 Ba3 $11) 29.
fxe5 $16 Bxe5 30. Nh5+ Kf8 (30... Kh7 31. Nf4 Bxe4 32. dxe4 $11) 31. Nf4 (31.
Nhg3 $142 $5 $16) 31... Bxe4 $11 32. dxe4 c4 33. Bc2 h5 (33... Qg5 34. Qxg5
hxg5 35. Rd1 $11) 34. Qf3 (34. Nxg6+ $5 fxg6 35. Qxg6 $16) 34... Qg5 $4 (34...
Qf6 $142 {war notwendig} 35. Rf1 g5 36. Nxh5 Qxf3 37. gxf3 Bxb2 $11) 35. Nxe6+
$18 (35. Nxe6+ Kg8 36. Nxg5 $18) 1-0

[Event "58. BEM 2004"]
[Site "Dortmund"]
[Date "2004.03.18"]
[Round "8.23"]
[White "Zabel, Reinhard"]
[Black "Gerlach, André"]
[Result "0-1"]
[WhiteElo "1511"]
[BlackElo "1410"]
[Annotator "Fritz 7 (15s)"]
[PlyCount "59"]
[EventDate "2004.??.??"]
[Source "SG Dortmund"]
[SourceDate "2004.12.16"]

{C64: Ruy Lopez: Classical Defence (3...Bc5) except 4 0-0 Nf6
} 1. e4 e5 2. Nf3
Nc6 3. Bb5 Bc5 4. Bxc6 dxc6 5. O-O f6 $146 {Es geht um e5+g5} (5... Qd6 6. b4
Bxb4 7. c3 Ba5 8. Ba3 Qf6 9. d4 exd4 10. e5 Qg6 11. Nxd4 Bh3 12. Qf3 Bg4 13.
Qg3 O-O-O 14. Nd2 Rxd4 15. cxd4 Bxd2 16. f4 Bf5 17. Bf8 Qxg3 18. hxg3 h5 19.
Rf3 Be4 20. Ra3 {Horwitz,B-Kieseritzky,L/London 1846/EXT 2002/0-1 (55)}) (5...
Bg4 6. d3 Qf6 (6... h6 7. Qe2 Nf6 8. Be3 Bd4 9. c3 Bxe3 10. Qxe3 Qe7 11. Nfd2
Nh5 12. Na3 Nf4 13. Nf3 h5 14. Nc4 f6 15. g3 Nh3+ 16. Kh1 O-O-O 17. Ng1 b6 18.
Kg2 Nxg1 19. Rxg1 Qd7 20. f3 Bh3+ 21. Kf2 {
Loomus,H-Zaplava,V/Tallinn 2001/CBM 83 ext/0-1 (37)}) 7. Nbd2 (7. Be3 Bxf3 8.
Qxf3 Qxf3 9. gxf3 Bd6 10. Nc3 Ne7 11. Ne2 g5 12. Kh1 f6 13. Rg1 Ng6 14. h3 c5
15. Kh2 Kf7 16. a4 a5 17. Bd2 b6 18. Rae1 Rag8 19. Nc3 Nh4 20. Kg3 c6 21. Nd1
h6 22. Ne3 Re8 23. Nf5 Nxf5+ 24. exf5 e4+ 25. Kg2 exd3 26. cxd3 Rxe1 27. Rxe1
Re8 28. Rxe8 Kxe8 29. f4 Kf7 30. fxg5 hxg5 31. b3 Kg7 32. Kf3 Be7 33. Ke4 Bd8
34. f4 gxf4 35. Bxf4 Kf7 36. h4 Kg7 37. Kf3 Kf7 38. Kg4 Kg7 39. h5 b5 40. h6+
Kh7 41. Kh5 bxa4 {Zytogorski,A-Brien,R/London 1855/EXT 2002/1-0 (54)}) 7... g5
8. h3 Bd7 9. Nc4 g4 10. Bg5 Qe6 11. hxg4 f6 12. Bh4 Qxg4 13. Ne3 Qg7 14. Qe2
Nh6 15. d4 Bb6 16. dxe5 fxe5 17. a4 a6 18. a5 Ba7 19. Rfd1 Rg8 20. Bg3 Ng4 21.
Nxg4 Qxg4 22. Kh2 Rg6 23. Qd2 Ke7 24. Ng1 Rf8 25. Qe2 Qxe2 26. Nxe2 Bxf2 27.
Rf1 Rh6+ {0-1 Cantanhede,H-Andrade,L/Rio de Janeiro 2000/EXT 2002 (27)}) 6. h3
{Ueberdeckt g4} 6... Ne7 7. c3 {Sichert b4+d4} (7. d3 Be6 $11) 7... Ng6 (7...
Qd3 $142 $5 $17) 8. d4 $11 Bd6 9. dxe5 Nxe5 10. Nxe5 fxe5 11. Qh5+ g6 12. Qf3 {
Weiss verhindert die kurze Rochade} 12... Be6 13. Bh6 (13. Qg3 Qf6 $11) 13...
Bf8 (13... Rg8 14. Be3 $15) 14. Rd1 $11 Qh4 15. Bxf8 Rxf8 16. Qe3 b6 (16... g5
17. Rd3 $15) 17. Na3 Kf7 (17... g5 18. Nc2 $11) 18. Rd3 Kg7 19. b3 {
Kontrolliert c4} 19... Rf7 20. Rad1 Raf8 {Wird f2 fallen?} 21. f3 {
Nimmt Einfluss auf g4} (21. R1d2 h6 $11) 21... Qg3 (21... Bxh3 22. R3d2 Rxf3
23. gxf3 Qg3+ 24. Kh1 Bg4 $19) 22. Qf2 Qg5 23. Kh2 Rf4 24. Qg3 Qh5 25. Kg1 b5
26. Nc2 Rh4 27. R1d2 Bxh3 28. gxh3 Rxh3 29. Qg4 $4 {
Weiss verkuerzt seine Leiden} (29. Qg2 Qh4 30. f4 Rxd3 31. Rxd3 Rxf4 32. Rh3
$14) 29... Rh1+ 30. Kf2 0-1

[Event "58. BEM 2004"]
[Site "Dortmund"]
[Date "2004.03.18"]
[Round "8.24"]
[White "Schaefer, Ulrich"]
[Black "Kartsev, Alexandr"]
[Result "1-0"]
[WhiteElo "1481"]
[BlackElo "1341"]
[Annotator "Fritz 7 (15s)"]
[PlyCount "101"]
[EventDate "2004.??.??"]
[Source "SG Dortmund"]
[SourceDate "2004.12.16"]

{B01: Scandinavian Defence
} 1. e4 d5 2. exd5 Nf6 3. d4 Nxd5 4. c4 Nb6 5. Nf3
g6 6. Be3 Bg7 7. Be2 Bg4 8. h3 Bxf3 9. Bxf3 Nc6 10. Bxc6+ bxc6 11. Nc3 O-O 12.
O-O $146 (12. b3 c5 13. Ne2 cxd4 14. Bxd4 e5 15. Bc5 Re8 16. O-O Qh4 17. Qc2
Nd7 18. Bb4 e4 19. Bc3 Ne5 20. Rad1 Rad8 21. Rxd8 Rxd8 22. Bxe5 Bxe5 23. g3
Qxh3 24. Qxe4 Qe6 25. Nf4 Bxf4 26. Qxf4 c6 {
Holmirzaev,B-Alekseev,E/Artek 1999/EXT 2000/1/2-1/2 (50)}) (12. Qe2 Bxd4 13.
Rd1 Bxc3+ 14. bxc3 Qc8 $11) 12... Nxc4 $15 13. Qe2 Nxe3 14. fxe3 Qd6 15. Ne4
Qd5 16. Qf3 (16. Nc3 $5 Qd7 17. Rad1 $11) 16... Rab8 17. b3 a5 (17... f5 $142
$5 18. Ng5 e5 $17) 18. Rac1 f5 19. Nc5 Qd6 20. Na4 {Ist c6 bedroht?} (20. Rc2
$142 $5 $11 {kam sehr in Betracht}) 20... f4 $15 21. Qxc6 (21. exf4 $5 Bxd4+
22. Kh1 $17) 21... fxe3 22. Rfd1 $4 {
auch bessere Zuege haetten die Partie nicht gerettet.} (22. Qc4+ $142 Kh8 23.
Kh1 $19) 22... Bxd4 (22... Qxc6 $142 {entschiede die Partie sofort} 23. Rxc6 e2
$19) 23. Qc4+ $18 Rf7 (23... e6 $142 $5 24. Qxd4 Qg3 $18) 24. Rxd4 Qg3 (24...
Qf6 $18) 25. Rf1 Rbf8 26. Rdf4 e2 27. Rxf7 Qe3+ (27... exf1=B {
ist noch eine duenne Chance} 28. Rxf1+ Kg7 29. Qd4+ Kg8 30. Rxf8+ Kxf8 $18) 28.
R7f2+ Kg7 29. Qxe2 Qxe2 30. Rxe2 Re8 31. Ref2 e5 (31... Kh6 {
aendert nichts am Ausgang der Partie} 32. Rc2 Rc8 33. Re1 $18) 32. Rf7+ Kh6 33.
Rxc7 e4 34. Rff7 e3 35. Rxh7+ Kg5 36. Rhe7 Rxe7 37. Rxe7 Kf4 38. Kf1 g5 39. Ke2
Kg3 40. Rxe3+ Kxg2 41. Nc3 Kh2 (41... Kg1 {waere gleichermassen fruchtlos} 42.
Kf3 g4+ 43. Kg3 Kf1 44. Rd3 gxh3 45. Rd1#) 42. a3 Kg2 (42... Kg1 {
aendert nichts mehr} 43. Rg3+ Kh2 44. Kf3 a4 45. Rg4 Kxh3 46. Ne4 Kh2 47. Nf2
axb3 48. Rg2#) 43. b4 (43. Ne4 Kh2 44. Kf2 g4 45. hxg4 a4 46. Ng5 axb3 47. Rh3#
) 43... axb4 (43... Kg1 {holt die Kuh nicht vom Eis} 44. Rg3+ Kh1 45. Ne4 Kh2
46. Kf2 axb4 47. Nxg5 Kh1 48. Nf3 bxa3 49. Rg1#) 44. axb4 Kh2 (44... g4 {
nuetzt auch nichts mehr} 45. hxg4 Kg1 46. Rg3+ Kh1 47. Kf1 Kh2 48. Re3 Kh1 49.
Rh3#) 45. b5 (45. Kf2 g4 46. hxg4 Kh1 47. Rh3#) 45... Kg2 46. b6 Kh2 47. b7 Kg2
(47... Kh1 {macht keinen grossen Unterschied} 48. b8=Q Kg2 49. Qb7+ Kh2 50. Kf2
g4 51. Qg2#) 48. b8=Q g4 (48... Kg1 {holt die Kuh nicht vom Eis} 49. Kf3 g4+
50. Kg3 gxh3 51. Qb1#) 49. Qg3+ Kh1 50. Kf2 gxh3 51. Qg1# (51. Qxh3#) 1-0